[Event "WCO2014"]
[Site "Tromso"]
[Date "2014.08.05"]
[Round "4.35"]
[WhiteID "654183"]
[White "Villegas Pierre"]
[BlackID "13601270"]
[Black "Shengelia David"]
[Result "0-1"]
[LiveChessVersion "1.4.3"]
[BlackElo "2556"]
[WhiteElo "2323"]

1. d4 {[%clk 1:30:55]} d5 {[%clk 1:30:48]} 2. c4 {[%clk 1:31:15]} dxc4
{[%clk 1:31:15]} 3. e3 {[%clk 1:31:07]} a6 {[%clk 1:30:45]} 4. Bxc4
{[%clk 1:31:12]} e6 {[%clk 1:31:09]} 5. Nf3 {[%clk 1:30:11]} Nd7 {[%clk 1:29:47]}
6. O-O {[%clk 1:29:35]} Ngf6 {[%clk 1:27:52]} 7. Nbd2 {[%clk 1:27:23]} c5
{[%clk 1:27:01]} 8. e4 {[%clk 1:23:26]} b5 {[%clk 1:13:10]} 9. Bd3
{[%clk 1:18:32]} cxd4 {[%clk 1:12:57]} 10. e5 {[%clk 1:18:35]} Nd5
{[%clk 1:13:11]} 11. Ne4 {[%clk 1:11:10]} Qc7 {[%clk 1:07:53]} 12. Re1
{[%clk 1:09:02]} Nxe5 {[%clk 0:56:44]} 13. Nxe5 {[%clk 1:04:16]} Qxe5
{[%clk 0:57:08]} 14. Nc3 {[%clk 0:53:04]} Nxc3 {[%clk 0:55:24]} 15. bxc3
{[%clk 0:53:30]} Qc7 16. cxd4 {[%clk 0:48:56]} Bd6 {[%clk 0:43:49]} 17. Bb2
{[%clk 0:35:34]} Bxh2+ {[%clk 0:38:19]} 18. Kf1 {[%clk 0:31:25]} Bf4 19. Qf3
{[%clk 0:23:57]} Bb7 {[%clk 0:20:58]} 20. Be4 {[%clk 0:18:21]} Ra7
{[%clk 0:12:05]} 21. d5 {[%clk 0:10:13]} O-O {[%clk 0:12:31]} 22. d6
{[%clk 0:08:49]} Bxe4 {[%clk 0:12:57]} 23. Rxe4 {[%clk 0:09:13]} Bxd6
{[%clk 0:13:23]} 24. Rd1 {[%clk 0:02:10]} Re8 {[%clk 0:06:29]} 25. Qh5
{[%clk 0:01:20]} e5 {[%clk 0:05:09]} 26. Rh4 {[%clk 0:01:15]} h6 {[%clk 0:05:14]}
27. Rg4 {[%clk 0:01:38]} Qc2 {[%clk 0:04:26]} 28. Rxd6 {[%clk 0:01:18]} Qb1+
{[%clk 0:04:50]} 29. Ke2 {[%clk 0:01:42]} Qxb2+ {[%clk 0:05:16]} 30. Kd1
{[%clk 0:00:58]} Qb1+ {[%clk 0:04:24]} 31. Kd2 {[%clk 0:01:08]} Qxa2+
{[%clk 0:04:35]} 32. Kd1 {[%clk 0:01:33]} Qb3+ {[%clk 0:04:25]} 33. Kd2
{[%clk 0:01:53]} Qb2+ {[%clk 0:04:01]} 34. Kd1 {[%clk 0:02:21]} Qb1+
{[%clk 0:03:50]} 35. Kd2 {[%clk 0:02:50]} Qh7 {[%clk 0:01:58]} 36. Qxe5
{[%clk 0:01:07]} Qc2+ {[%clk 0:02:15]} 0-1

[Event "WCO2014"]
[Site "Tromso"]
[Date "2014.08.05"]
[Round "4.34"]
[WhiteID "1613880"]
[White "Kreisl Robert"]
[BlackID "200999"]
[Black "Van Hoolandt Patrick"]
[Result "1-0"]
[LiveChessVersion "1.4.3"]
[BlackElo "2236"]
[WhiteElo "2432"]

1. Nf3 {[%clk 1:30:57]} Nf6 {[%clk 1:30:18]} 2. c4 {[%clk 1:31:19]} e6
{[%clk 1:30:42]} 3. d4 {[%clk 1:30:03]} d5 {[%clk 1:30:32]} 4. g3
{[%clk 1:30:27]} Bb4+ {[%clk 1:29:13]} 5. Bd2 {[%clk 1:30:52]} Be7
{[%clk 1:29:19]} 6. Bg2 {[%clk 1:31:10]} Nbd7 {[%clk 1:27:37]} 7. Qc2
{[%clk 1:23:00]} c6 {[%clk 1:27:28]} 8. O-O {[%clk 1:23:20]} O-O {[%clk 1:27:38]}
9. Rd1 {[%clk 1:23:04]} b6 {[%clk 1:26:18]} 10. b3 {[%clk 1:19:52]} Bb7
{[%clk 1:26:23]} 11. Nc3 {[%clk 1:19:31]} Qc8 {[%clk 1:26:40]} 12. Bf4
{[%clk 1:08:04]} Rd8 {[%clk 1:01:18]} 13. Rac1 {[%clk 1:07:24]} Ba3
{[%clk 0:58:31]} 14. Rb1 {[%clk 1:07:49]} Bf8 {[%clk 0:51:27]} 15. e4
{[%clk 0:58:40]} dxe4 {[%clk 0:43:47]} 16. Ng5 {[%clk 0:56:38]} c5
{[%clk 0:37:21]} 17. d5 {[%clk 0:56:40]} e5 {[%clk 0:32:03]} 18. Bc1
{[%clk 0:53:21]} h6 {[%clk 0:26:58]} 19. Ngxe4 {[%clk 0:53:46]} Nxe4
{[%clk 0:27:02]} 20. Bxe4 {[%clk 0:53:54]} Nf6 {[%clk 0:24:18]} 21. Bg2
{[%clk 0:51:11]} Qg4 {[%clk 0:19:04]} 22. Re1 {[%clk 0:51:20]} Qh5
{[%clk 0:15:53]} 23. Bb2 {[%clk 0:48:21]} Bc8 {[%clk 0:14:31]} 24. Qe2
{[%clk 0:48:12]} Bf5 {[%clk 0:12:29]} 25. Qxh5 {[%clk 0:36:02]} Nxh5
{[%clk 0:12:58]} 26. Rbd1 {[%clk 0:36:25]} Bd6 {[%clk 0:11:36]} 27. Nb5
{[%clk 0:35:16]} f6 {[%clk 0:11:52]} 28. Nxd6 {[%clk 0:34:45]} Rxd6
{[%clk 0:12:20]} 29. f4 {[%clk 0:34:16]} Bg4 {[%clk 0:03:08]} 30. fxe5
{[%clk 0:34:22]} fxe5 {[%clk 0:01:08]} 31. Bxe5 {[%clk 0:34:01]} Rd7
{[%clk 0:01:09]} 32. Rd3 {[%clk 0:30:08]} Nf6 {[%clk 0:00:54]} 33. Rde3
{[%clk 0:28:18]} Nh7 {[%clk 0:00:40]} 34. h3 {[%clk 0:27:37]} Bh5
{[%clk 0:00:42]} 35. Be4 {[%clk 0:23:00]} Ng5 {[%clk 0:00:45]} 36. Bf5
{[%clk 0:23:15]} Rf7 {[%clk 0:00:49]} 37. g4 {[%clk 0:17:58]} Rxf5
{[%clk 0:01:18]} 38. gxf5 {[%clk 0:18:20]} Nf3+ {[%clk 0:01:43]} 39. Rxf3
{[%clk 0:18:46]} Bxf3 {[%clk 0:02:11]} 40. Kf2 {[%clk 0:18:07]} Bh5
{[%clk 0:02:02]} 41. Rg1 {[%clk 0:17:21]} g6 {[%clk 0:02:21]} 42. fxg6
{[%clk 0:13:28]} Rf8+ {[%clk 0:00:51]} 43. Ke3 {[%clk 0:12:39]} Rf3+
{[%clk 0:23:17]} 44. Ke4 {[%clk 0:44:04]} Rxh3 {[%clk 0:23:41]} 45. Kf5
{[%clk 0:42:27]} Bf3 {[%clk 0:22:22]} 46. Ke6 {[%clk 0:40:40]} h5
{[%clk 0:22:48]} 47. d6 {[%clk 0:40:29]} Bc6 {[%clk 0:21:19]} 48. d7
{[%clk 0:40:42]} Rd3 {[%clk 0:21:19]} 49. Rf1 {[%clk 0:31:33]} Rxd7
{[%clk 0:17:15]} 50. Rf7 {[%clk 0:31:54]} Rb7 {[%clk 0:13:34]} 51. Bd6
{[%clk 0:31:38]} 1-0

[Event "WCO2014"]
[Site "Tromso"]
[Date "2014.08.05"]
[Round "4.33"]
[WhiteID "623830"]
[White "Nelis Jean-Francois"]
[BlackID "1612468"]
[Black "Diermair Andreas"]
[Result "0-1"]
[LiveChessVersion "1.4.3"]
[BlackElo "2447"]
[WhiteElo "2224"]

1. e4 {[%clk 1:30:49]} e5 {[%clk 1:30:49]} 2. Nf3 {[%clk 1:31:08]} Nc6
{[%clk 1:31:12]} 3. Bc4 {[%clk 1:31:29]} Bc5 {[%clk 1:31:27]} 4. c3
{[%clk 1:31:49]} Nf6 {[%clk 1:31:50]} 5. d3 {[%clk 1:32:13]} a6 {[%clk 1:31:20]}
6. O-O {[%clk 1:30:41]} Ba7 {[%clk 1:30:54]} 7. Re1 {[%clk 1:30:06]} O-O
{[%clk 1:29:59]} 8. h3 {[%clk 1:28:36]} d6 {[%clk 1:25:23]} 9. Bb3
{[%clk 1:28:45]} Ne7 {[%clk 1:23:53]} 10. Nbd2 {[%clk 1:24:27]} Ng6
{[%clk 1:24:00]} 11. Nf1 {[%clk 1:23:57]} c6 {[%clk 1:14:49]} 12. Ng3
{[%clk 1:19:27]} h6 {[%clk 1:11:37]} 13. d4 {[%clk 1:17:34]} Re8 {[%clk 1:08:17]}
14. Bc2 {[%clk 1:14:56]} c5 {[%clk 0:58:06]} 15. Be3 {[%clk 0:55:12]} cxd4
{[%clk 0:53:17]} 16. cxd4 {[%clk 0:55:22]} Be6 {[%clk 0:52:35]} 17. dxe5
{[%clk 0:46:26]} dxe5 {[%clk 0:52:28]} 18. Bxa7 {[%clk 0:46:05]} Rxa7
{[%clk 0:52:40]} 19. Bb3 {[%clk 0:46:20]} Qb6 {[%clk 0:48:03]} 20. Bxe6
{[%clk 0:44:37]} Rxe6 {[%clk 0:48:09]} 21. Re2 {[%clk 0:40:47]} Ra8
{[%clk 0:46:25]} 22. Rd2 {[%clk 0:39:52]} Rc8 {[%clk 0:38:06]} 23. Rc1
{[%clk 0:38:26]} Rxc1 {[%clk 0:37:25]} 24. Qxc1 {[%clk 0:38:53]} Nf4
{[%clk 0:35:42]} 25. Qc8+ {[%clk 0:33:25]} Re8 {[%clk 0:34:55]} 26. Qc3
{[%clk 0:30:35]} Qe6 {[%clk 0:29:35]} 27. Qb3 {[%clk 0:26:20]} Qxb3
{[%clk 0:25:39]} 28. axb3 {[%clk 0:26:48]} g6 {[%clk 0:24:58]} 29. b4
{[%clk 0:16:56]} Re6 {[%clk 0:23:53]} 30. Rd8+ {[%clk 0:12:01]} Kg7
{[%clk 0:24:10]} 31. Rd2 {[%clk 0:08:41]} h5 {[%clk 0:19:13]} 32. Kh2
{[%clk 0:07:17]} Kf8 {[%clk 0:14:08]} 33. Kg1 {[%clk 0:06:29]} Ke8
{[%clk 0:09:33]} 34. Kh2 {[%clk 0:05:20]} Ke7 {[%clk 0:06:51]} 35. Kg1
{[%clk 0:05:24]} Rd6 {[%clk 0:06:11]} 36. Rc2 {[%clk 0:01:16]} Nd3
{[%clk 0:06:16]} 37. b5 {[%clk 0:00:54]} axb5 {[%clk 0:06:32]} 38. Rc7+
{[%clk 0:01:05]} Rd7 {[%clk 0:06:39]} 39. Rc2 {[%clk 0:01:12]} b4
{[%clk 0:05:26]} 40. b3 {[%clk 0:00:54]} Rd6 {[%clk 0:02:47]} 41. Rc7+
{[%clk 0:00:58]} Rd7 {[%clk 0:28:19]} 42. Rc4 {[%clk 0:31:03]} Ne8
{[%clk 0:26:10]} 43. h4 {[%clk 0:28:39]} Nf6 {[%clk 0:22:31]} 44. Nh2
{[%clk 0:27:25]} b5 {[%clk 0:21:18]} 45. Rc2 {[%clk 0:26:54]} Nf4
{[%clk 0:14:12]} 46. Nhf1 {[%clk 0:26:17]} Rd3 {[%clk 0:13:26]} 47. Rb2
{[%clk 0:18:20]} Nd7 {[%clk 0:11:05]} 48. Nd2 {[%clk 0:17:43]} Nc5
{[%clk 0:11:03]} 49. f3 {[%clk 0:17:13]} Rc3 {[%clk 0:10:50]} 50. Rb1
{[%clk 0:15:05]} Rc2 {[%clk 0:10:34]} 51. Ngf1 {[%clk 0:15:13]} Ne2+
{[%clk 0:10:09]} 52. Kf2 {[%clk 0:15:08]} Nc3 {[%clk 0:10:04]} 0-1

[Event "WCO2014"]
[Site "Tromso"]
[Date "2014.08.05"]
[Round "4.9"]
[WhiteID "4700236"]
[White "Dervishi Erald"]
[BlackID "15000605"]
[Black "Nedev Trajko"]
[Result "1/2-1/2"]
[LiveChessVersion "1.4.3"]
[BlackElo "2484"]
[WhiteElo "2581"]

1. e4 {[%clk 1:30:57]} c5 {[%clk 1:30:55]} 2. Nf3 {[%clk 1:31:23]} Nc6
{[%clk 1:31:20]} 3. d4 {[%clk 1:31:48]} cxd4 {[%clk 1:31:46]} 4. Nxd4
{[%clk 1:32:13]} Nf6 {[%clk 1:32:12]} 5. Nc3 {[%clk 1:32:27]} e5 {[%clk 1:32:36]}
6. Ndb5 {[%clk 1:32:43]} d6 {[%clk 1:33:01]} 7. Bg5 {[%clk 1:33:04]} a6
{[%clk 1:33:26]} 8. Na3 {[%clk 1:33:27]} b5 {[%clk 1:33:52]} 9. Nd5
{[%clk 1:33:49]} Be7 {[%clk 1:34:15]} 10. Bxf6 {[%clk 1:34:04]} Bxf6
{[%clk 1:34:40]} 11. c3 {[%clk 1:34:26]} O-O {[%clk 1:34:49]} 12. Nc2
{[%clk 1:34:46]} Bg5 {[%clk 1:35:13]} 13. Be2 {[%clk 1:34:21]} Ne7
{[%clk 1:35:17]} 14. Ncb4 {[%clk 1:31:19]} a5 {[%clk 1:34:30]} 15. Nxe7+
{[%clk 1:31:04]} Qxe7 {[%clk 1:34:55]} 16. Nd5 {[%clk 1:30:45]} Qb7
{[%clk 1:35:19]} 17. Qd3 {[%clk 1:29:52]} Rb8 {[%clk 1:33:44]} 18. h4
{[%clk 1:16:25]} Bd8 {[%clk 1:29:19]} 19. a3 {[%clk 1:11:53]} Be6
{[%clk 1:23:05]} 20. Rd1 {[%clk 1:12:02]} b4 {[%clk 0:57:31]} 21. axb4
{[%clk 1:08:47]} Bxd5 {[%clk 0:55:39]} 22. Qxd5 {[%clk 1:08:57]} Qxd5
{[%clk 0:55:42]} 23. Rxd5 {[%clk 1:09:01]} axb4 {[%clk 0:56:06]} 24. Rxd6
{[%clk 1:08:54]} bxc3 {[%clk 0:55:35]} 25. bxc3 {[%clk 1:09:12]} Ba5
{[%clk 0:51:45]} 26. Rh3 {[%clk 1:07:24]} Rfc8 {[%clk 0:49:00]} 27. Rdd3
{[%clk 1:02:28]} Rb3 {[%clk 0:43:35]} 28. Kd2 {[%clk 1:02:47]} Rb2+
{[%clk 0:44:00]} 29. Kd1 {[%clk 1:02:42]} g6 {[%clk 0:38:33]} 30. h5
{[%clk 0:48:29]} Ra2 {[%clk 0:34:05]} 31. Rhe3 {[%clk 0:28:31]} Rb8
{[%clk 0:26:49]} 32. Ke1 {[%clk 0:28:15]} Rbb2 {[%clk 0:27:15]} 33. h6
{[%clk 0:08:51]} Kf8 {[%clk 0:26:32]} 34. Bf3 {[%clk 0:05:43]} Rxf2
{[%clk 0:25:17]} 35. Rd5 {[%clk 0:03:41]} Rfc2 {[%clk 0:24:04]} 36. Rc5
{[%clk 0:03:31]} Ra3 {[%clk 0:17:03]} 37. Kd1 {[%clk 0:03:09]} Rcxc3
{[%clk 0:16:50]} 38. Rexc3 {[%clk 0:03:26]} Bxc3 {[%clk 0:17:15]} 39. Rc8+
{[%clk 0:03:40]} Ke7 {[%clk 0:17:41]} 40. Rh8 {[%clk 0:03:22]} Bd4
{[%clk 0:07:42]} 1/2-1/2

[Event "WCO2014"]
[Site "Tromso"]
[Date "2014.08.05"]
[Round "4.10"]
[WhiteID "15002187"]
[White "Pancevski Filip"]
[BlackID "4700600"]
[Black "Mehmeti Dritan"]
[Result "0-1"]
[LiveChessVersion "1.4.3"]
[BlackElo "2416"]
[WhiteElo "2464"]

1. e4 {[%clk 1:30:56]} c6 {[%clk 1:30:44]} 2. d4 {[%clk 1:30:25]} d5
{[%clk 1:31:07]} 3. e5 {[%clk 1:30:35]} Bf5 {[%clk 1:29:10]} 4. h4
{[%clk 1:29:38]} h6 {[%clk 1:27:58]} 5. g4 {[%clk 1:28:14]} Bd7 {[%clk 1:24:33]}
6. h5 {[%clk 1:28:34]} e6 {[%clk 1:23:30]} 7. f4 {[%clk 1:27:28]} c5
{[%clk 1:18:52]} 8. c3 {[%clk 1:27:46]} Nc6 {[%clk 1:17:27]} 9. Nf3
{[%clk 1:28:02]} Qb6 {[%clk 1:16:03]} 10. Rh2 {[%clk 1:26:25]} Rc8
{[%clk 1:15:14]} 11. Be3 {[%clk 1:24:39]} cxd4 {[%clk 1:12:08]} 12. cxd4
{[%clk 1:24:17]} Na5 {[%clk 1:12:03]} 13. Rc2 {[%clk 1:06:22]} Nc4
{[%clk 1:02:08]} 14. Bc1 {[%clk 0:55:44]} Ne7 {[%clk 0:59:49]} 15. b3
{[%clk 0:55:00]} Na5 {[%clk 0:58:34]} 16. Rxc8+ {[%clk 0:54:43]} Nxc8
{[%clk 0:57:58]} 17. Nbd2 {[%clk 0:51:21]} Bb5 {[%clk 0:52:48]} 18. Bb2
{[%clk 0:46:52]} Nc6 {[%clk 0:48:41]} 19. a3 {[%clk 0:42:53]} Bxf1
{[%clk 0:47:47]} 20. Kxf1 {[%clk 0:41:52]} Be7 {[%clk 0:45:43]} 21. Qc2
{[%clk 0:40:26]} Qd8 {[%clk 0:40:49]} 22. Kg2 {[%clk 0:40:22]} O-O
{[%clk 0:39:55]} 23. f5 {[%clk 0:34:19]} f6 {[%clk 0:34:35]} 24. Nf1
{[%clk 0:27:56]} fxe5 {[%clk 0:29:19]} 25. dxe5 {[%clk 0:26:51]} exf5
{[%clk 0:20:26]} 26. gxf5 {[%clk 0:27:15]} d4 {[%clk 0:20:17]} 27. Qe4
{[%clk 0:26:25]} Nb6 {[%clk 0:19:27]} 28. Rd1 {[%clk 0:21:42]} Qd5
{[%clk 0:18:42]} 29. Qxd5+ {[%clk 0:18:30]} Nxd5 {[%clk 0:19:07]} 30. Nxd4
{[%clk 0:18:02]} Nf4+ {[%clk 0:15:44]} 31. Kf3 {[%clk 0:14:51]} Nxd4+
{[%clk 0:15:35]} 32. Rxd4 {[%clk 0:14:43]} Ne6 {[%clk 0:15:57]} 33. Rd7
{[%clk 0:07:57]} Rxf5+ {[%clk 0:16:20]} 34. Ke2 {[%clk 0:08:22]} Bc5
{[%clk 0:15:14]} 35. Nd2 {[%clk 0:06:07]} Rxh5 {[%clk 0:13:24]} 36. b4
{[%clk 0:05:05]} Rh2+ {[%clk 0:12:16]} 37. Kd3 {[%clk 0:05:29]} b5
{[%clk 0:12:34]} 38. Bc3 {[%clk 0:03:21]} Rh3+ {[%clk 0:11:24]} 39. Kc2
{[%clk 0:03:42]} Bb6 {[%clk 0:10:55]} 40. Ne4 {[%clk 0:01:37]} Rh2+
{[%clk 0:08:08]} 41. Kd1 {[%clk 0:29:17]} Rg2 {[%clk 0:29:41]} 42. Re7
{[%clk 0:27:28]} Rg6 {[%clk 0:23:28]} 43. Nf6+ {[%clk 0:11:39]} gxf6
{[%clk 0:23:04]} 44. Rxe6 {[%clk 0:12:04]} Kf7 {[%clk 0:21:31]} 45. Rd6
{[%clk 0:12:15]} fxe5 {[%clk 0:21:25]} 46. Rd5 {[%clk 0:12:40]} Rg5
{[%clk 0:14:36]} 47. Rxb5 {[%clk 0:11:02]} e4 {[%clk 0:14:49]} 48. Rxg5
{[%clk 0:02:39]} hxg5 {[%clk 0:15:14]} 49. a4 {[%clk 0:03:07]} a6
{[%clk 0:12:13]} 50. Ke2 {[%clk 0:02:12]} Ke6 {[%clk 0:12:15]} 51. a5
{[%clk 0:01:23]} Ba7 {[%clk 0:12:00]} 52. Bd2 {[%clk 0:01:22]} g4
{[%clk 0:11:35]} 53. Be3 {[%clk 0:01:45]} Bxe3 {[%clk 0:10:03]} 54. Kxe3
{[%clk 0:02:14]} Kd5 {[%clk 0:10:26]} 55. Kf4 {[%clk 0:02:38]} Kc4
{[%clk 0:09:48]} 56. Kxg4 {[%clk 0:03:04]} e3 {[%clk 0:09:14]} 57. Kf3
{[%clk 0:03:28]} Kd3 {[%clk 0:09:32]} 0-1

[Event "WCO2014"]
[Site "Tromso"]
[Date "2014.08.05"]
[Round "4.11"]
[WhiteID "4700066"]
[White "Ashiku Franc"]
[BlackID "15000290"]
[Black "Mitkov Nikola"]
[Result "0-1"]
[LiveChessVersion "1.4.3"]
[BlackElo "2500"]
[WhiteElo "2284"]

1. e4 {[%clk 1:30:56]} e5 {[%clk 1:30:55]} 2. Nf3 {[%clk 1:31:19]} Nc6
{[%clk 1:31:22]} 3. Bb5 {[%clk 1:31:42]} Nf6 {[%clk 1:28:35]} 4. O-O
{[%clk 1:29:28]} Nxe4 {[%clk 1:28:55]} 5. Re1 {[%clk 1:29:48]} Nd6
{[%clk 1:29:18]} 6. Nxe5 {[%clk 1:30:12]} Be7 {[%clk 1:29:25]} 7. Bf1
{[%clk 1:30:34]} Nf5 {[%clk 1:26:41]} 8. c3 {[%clk 1:28:54]} Nxe5
{[%clk 1:26:03]} 9. Rxe5 {[%clk 1:29:18]} d6 {[%clk 1:25:42]} 10. Re1
{[%clk 1:28:40]} O-O {[%clk 1:25:10]} 11. d4 {[%clk 1:26:04]} d5 {[%clk 1:24:32]}
12. Bf4 {[%clk 1:24:55]} Nh4 {[%clk 1:23:41]} 13. Nd2 {[%clk 1:16:41]} c6
{[%clk 1:18:53]} 14. Bg3 {[%clk 0:58:00]} Nf5 {[%clk 1:18:34]} 15. Be5
{[%clk 0:55:29]} Nh4 {[%clk 1:13:09]} 16. Bg3 {[%clk 0:55:51]} Bg5
{[%clk 0:59:27]} 17. Nf3 {[%clk 0:53:55]} Bg4 {[%clk 0:48:14]} 18. Bxh4
{[%clk 0:47:30]} Bxh4 {[%clk 0:48:30]} 19. h3 {[%clk 0:47:58]} Bh5
{[%clk 0:44:55]} 20. Re5 {[%clk 0:45:48]} f5 {[%clk 0:30:18]} 21. Qd3
{[%clk 0:43:31]} Bf6 {[%clk 0:30:11]} 22. Re6 {[%clk 0:36:37]} f4
{[%clk 0:29:41]} 23. Rae1 {[%clk 0:34:52]} Qb6 {[%clk 0:25:35]} 24. Qb1
{[%clk 0:19:55]} Bf7 {[%clk 0:20:10]} 25. R6e2 {[%clk 0:19:11]} Bg6
{[%clk 0:20:21]} 26. Qc1 {[%clk 0:19:25]} Be4 {[%clk 0:17:02]} 27. Rd2
{[%clk 0:18:26]} Rae8 {[%clk 0:14:54]} 28. Bd3 {[%clk 0:18:29]} Bxd3
{[%clk 0:06:52]} 29. Rxe8 {[%clk 0:17:20]} Rxe8 {[%clk 0:07:15]} 30. Rxd3
{[%clk 0:17:48]} Qa6 {[%clk 0:07:35]} 31. Qb1 {[%clk 0:17:59]} Re2
{[%clk 0:05:37]} 32. Rd2 {[%clk 0:17:25]} Rxd2 {[%clk 0:05:39]} 33. Nxd2
{[%clk 0:17:49]} g6 {[%clk 0:04:55]} 34. Nf3 {[%clk 0:15:39]} Qe2
{[%clk 0:04:06]} 35. Qc1 {[%clk 0:12:51]} g5 {[%clk 0:03:55]} 36. Qb1
{[%clk 0:10:51]} Qe6 {[%clk 0:04:02]} 37. Qd3 {[%clk 0:10:37]} Kg7
{[%clk 0:04:23]} 38. Kf1 {[%clk 0:05:30]} h5 {[%clk 0:04:29]} 39. Ng1
{[%clk 0:05:12]} Qe4 {[%clk 0:03:37]} 40. Qxe4 {[%clk 0:04:52]} dxe4
{[%clk 0:04:05]} 41. h4 {[%clk 0:05:10]} Kg6 {[%clk 0:02:19]} 42. f3
{[%clk 0:00:57]} exf3 {[%clk 0:29:04]} 43. hxg5 {[%clk 0:23:38]} fxg2+
{[%clk 0:29:11]} 44. Kxg2 {[%clk 0:24:05]} Bxg5 {[%clk 0:29:16]} 45. Kf3
{[%clk 0:24:20]} Kf5 {[%clk 0:29:37]} 46. Nh3 {[%clk 0:24:47]} Bh6
{[%clk 0:29:28]} 47. Nf2 {[%clk 0:21:56]} Bf8 {[%clk 0:26:17]} 48. Nh3
{[%clk 0:22:23]} Bd6 {[%clk 0:26:41]} 49. Nf2 {[%clk 0:22:21]} b5
{[%clk 0:20:23]} 50. Nh3 {[%clk 0:20:38]} a5 {[%clk 0:20:17]} 51. Nf2
{[%clk 0:20:47]} Bc7 {[%clk 0:18:54]} 52. Nh3 {[%clk 0:21:09]} a4
{[%clk 0:19:12]} 53. Nf2 {[%clk 0:20:22]} Bd8 {[%clk 0:19:05]} 54. Nd3
{[%clk 0:25:56]} Bc7 {[%clk 0:14:56]} 55. Nb4 {[%clk 0:20:14]} h4
{[%clk 0:15:06]} 56. Nxc6 {[%clk 0:19:19]} h3 {[%clk 0:15:29]} 57. d5
{[%clk 0:19:39]} Be5 {[%clk 0:12:27]} 58. d6 {[%clk 0:01:53]} h2 {[%clk 0:12:05]}
0-1

[Event "WCO2014"]
[Site "Tromso"]
[Date "2014.08.05"]
[Round "4.12"]
[WhiteID "15000206"]
[White "Bogdanovski Vlatko"]
[BlackID "4700031"]
[Black "Seitaj Ilir"]
[Result "1-0"]
[LiveChessVersion "1.4.3"]
[BlackElo "2382"]
[WhiteElo "2426"]

1. d4 {[%clk 1:30:55]} Nf6 {[%clk 1:30:53]} 2. Nf3 {[%clk 1:31:17]} c6
{[%clk 1:30:22]} 3. Bf4 {[%clk 1:25:49]} g6 {[%clk 1:26:29]} 4. e3
{[%clk 1:23:43]} Bg7 {[%clk 1:23:24]} 5. Be2 {[%clk 1:24:01]} O-O
{[%clk 1:19:31]} 6. O-O {[%clk 1:24:23]} d6 {[%clk 1:19:40]} 7. h3
{[%clk 1:12:51]} Bf5 {[%clk 1:14:56]} 8. c3 {[%clk 1:04:17]} Nbd7
{[%clk 1:03:18]} 9. Nbd2 {[%clk 1:03:53]} h6 {[%clk 0:57:10]} 10. Bg3
{[%clk 0:54:25]} g5 {[%clk 0:41:04]} 11. h4 {[%clk 0:51:14]} g4 {[%clk 0:35:47]}
12. Ne1 {[%clk 0:48:50]} Nb6 {[%clk 0:33:46]} 13. Bd3 {[%clk 0:46:57]} Qd7
{[%clk 0:31:22]} 14. Qe2 {[%clk 0:27:41]} Nh5 {[%clk 0:27:38]} 15. Bxf5
{[%clk 0:27:53]} Qxf5 {[%clk 0:27:53]} 16. e4 {[%clk 0:28:20]} Qb5
{[%clk 0:25:06]} 17. Nd3 {[%clk 0:24:01]} a5 {[%clk 0:16:09]} 18. a4
{[%clk 0:13:20]} Qa6 {[%clk 0:15:35]} 19. Rfd1 {[%clk 0:08:08]} Nf6
{[%clk 0:08:10]} 20. b3 {[%clk 0:03:53]} Rad8 {[%clk 0:06:00]} 21. c4
{[%clk 0:03:47]} h5 {[%clk 0:05:49]} 22. e5 {[%clk 0:04:06]} dxe5
{[%clk 0:05:57]} 23. dxe5 {[%clk 0:03:55]} Nfd7 {[%clk 0:05:04]} 24. Ne4
{[%clk 0:04:14]} e6 {[%clk 0:03:57]} 25. Ra2 {[%clk 0:03:25]} Qa8
{[%clk 0:03:56]} 26. Rad2 {[%clk 0:03:51]} Qb8 {[%clk 0:03:12]} 27. Qe3
{[%clk 0:03:49]} Qc8 {[%clk 0:00:38]} 28. Qg5 {[%clk 0:01:23]} f5
{[%clk 0:00:48]} 29. exf6 {[%clk 0:01:34]} 1-0

[Event "WCO2014"]
[Site "Tromso"]
[Date "2014.08.05"]
[Round "4.32"]
[WhiteID "12100030"]
[White "Al-Modiahki Mohamad"]
[BlackID "8700117"]
[Black "Chumfwa Stanley"]
[Result "1/2-1/2"]
[LiveChessVersion "1.4.3"]
[BlackElo "2317"]
[WhiteElo "2549"]

1. e4 {[%clk 1:30:57]} c5 {[%clk 1:30:53]} 2. Nc3 {[%clk 1:31:18]} d6
{[%clk 1:31:17]} 3. f4 {[%clk 1:31:39]} Nc6 {[%clk 1:31:39]} 4. Nf3
{[%clk 1:32:03]} g6 {[%clk 1:31:50]} 5. Bc4 {[%clk 1:29:16]} Bg7 {[%clk 1:32:08]}
6. O-O {[%clk 1:29:39]} e6 {[%clk 1:32:09]} 7. d3 {[%clk 1:27:52]} Nge7
{[%clk 1:31:09]} 8. Qe1 {[%clk 1:28:13]} O-O {[%clk 1:30:45]} 9. Bb3
{[%clk 1:28:33]} Na5 {[%clk 1:28:51]} 10. e5 {[%clk 1:25:50]} Nxb3
{[%clk 1:22:18]} 11. axb3 {[%clk 1:24:15]} Nc6 {[%clk 1:20:40]} 12. Ne4
{[%clk 0:40:17]} dxe5 {[%clk 1:18:19]} 13. fxe5 {[%clk 0:40:45]} Nxe5
{[%clk 1:18:34]} 14. Nxe5 {[%clk 0:41:07]} Bxe5 {[%clk 1:16:11]} 15. Bh6
{[%clk 0:41:25]} f5 {[%clk 1:10:03]} 16. Bxf8 {[%clk 0:33:34]} Qxf8
{[%clk 1:02:31]} 17. Ng5 {[%clk 0:28:48]} Bxb2 {[%clk 0:58:37]} 18. Nxe6
{[%clk 0:16:07]} Qd6 {[%clk 0:50:55]} 19. Rb1 {[%clk 0:15:59]} Bxe6
{[%clk 0:38:39]} 20. Rxb2 {[%clk 0:16:27]} Qd4+ {[%clk 0:39:01]} 21. Kh1
{[%clk 0:16:51]} Qxb2 {[%clk 0:39:27]} 22. Qxe6+ {[%clk 0:17:17]} Kh8
{[%clk 0:39:50]} 23. Qd5 {[%clk 0:17:33]} Qxc2 {[%clk 0:37:38]} 24. Qe5+
{[%clk 0:17:03]} Kg8 {[%clk 0:37:44]} 25. Qe6+ {[%clk 0:17:08]} Kg7
{[%clk 0:36:21]} 26. Qe7+ {[%clk 0:17:04]} Kg8 {[%clk 0:36:49]} 27. Qe6+
{[%clk 0:17:09]} Kg7 {[%clk 0:37:12]} 28. Qe7+ {[%clk 0:17:33]} Kg8
{[%clk 0:37:40]} 29. Qe6+ {[%clk 0:17:49]} Kg7 {[%clk 0:38:04]} 30. Qe7+
{[%clk 0:17:35]} Kg8 {[%clk 0:37:52]} 1/2-1/2